| 000 | 01368nam a2200253Ia 4500 | ||
|---|---|---|---|
| 999 |
_c53282 _d53282 |
||
| 001 | 20323 | ||
| 003 | GE_BSU | ||
| 005 | 20200910183526.0 | ||
| 008 | 181216s1939||||ge |||||||||||||| ||geo|| | ||
| 040 | _cGE_BSU | ||
| 041 | _ageo | ||
| 080 | _a811.353.1(072) + 821.353.1(072) დ-74 | ||
| 100 |
_aდონაძე, კ. _97718 |
||
| 245 |
_aწერითი მეტყველების სახეები ქართულ ენასა და ლიტერატურაში / _cკ. დონაძე ; რედ. ვ. რამიშვილი. |
||
| 264 |
_aთბილისი : _bინსტიტუტის გამომცემლობა, _c1939. |
||
| 300 |
_a64 გვ. ; _c22 სმ. |
||
| 541 | _h50თ. | ||
| 653 | _aქართული ენა და ლიტერატურა | ||
| 653 | _aწერითი მეტყველება ქართულ ენაში | ||
| 653 | _a წერითი მეტყველება ქართულ ლიტერატურაში | ||
| 700 |
_aდონაძე, კ. _eრედაქტორი _97718 |
||
| 710 |
_aდაწყებითი და საშუალო სკოლის სახელმწიფო სამეცნიერო-საკვლევო ინსტიტუტი _99514 |
||
| 942 |
_cBK _2udc |
||